00249nam a22001097a 4500020001400000082001400014100002000028245003700048250000600085260002600091650002200117 a486205185 a539.7 HOF aHoffmann,Banesh aThe Strange Story of The Quantum a2 aNew YorkbDoverc1959 achemistry,quantum